Звичайний вигляд Перегляд у МАРК

Входження „Uniform Title“

Кількість записів, які використовуються: 1

001 - CONTROL NUMBER

  • control field: 16349

003 - CONTROL NUMBER IDENTIFIER

  • control field: UA-OsUOA

005 - DATE AND TIME OF LATEST TRANSACTION

  • control field: 20241001145406.0

008 - FIXED-LENGTH DATA ELEMENTS

  • fixed length control field: 241001|| aca||aabn | a|a d

040 ## - CATALOGING SOURCE

  • Original cataloging agency: UA-OsUOA
  • Transcribing agency: UA-OsUOA

130 ## - HEADING--UNIFORM TITLE

  • Uniform title: 34 Право

670 ## - SOURCE DATA FOUND

  • Source citation: Work cat.: (UA-OsUOA)577381: Холоденко Н. О. 16348, Організація наукового забезпечення діяльності судів, 2021